Developing individual in a changing world (Record no. 6302)
[ view plain ]
| 000 -LEADER | |
|---|---|
| fixed length control field | 00472nam a2200157Ia 4500 |
| 020 ## - INTERNATIONAL STANDARD BOOK NUMBER | |
| ISBN | 9780202361291 |
| 082 ## - DEWEY DECIMAL CLASSIFICATION NUMBER | |
| Classification number | 155 RIE-D |
| 100 ## - MAIN ENTRY--AUTHOR NAME | |
| Personal name | Riegel, Klaus F. |
| 245 #0 - TITLE STATEMENT | |
| Title | Developing individual in a changing world |
| 260 ## - PUBLICATION, DISTRIBUTION, ETC. (IMPRINT) | |
| Place of publication | New Brunswick |
| Name of publisher | Aldine Transaction |
| Year of publication | 2008 |
| 500 ## - GENERAL NOTE | |
| General note | contents: vol .1 (Historical and cultural issues) |
| 650 ## - SUBJECT ADDED ENTRY--TOPICAL TERM | |
| Topical Term | Developing psychology |
| Form subdivision | Congresses |
| 650 ## - SUBJECT ADDED ENTRY--TOPICAL TERM | |
| Topical Term | Social psychology |
| Form subdivision | Congresses |
| 700 ## - ADDED ENTRY--PERSONAL NAME | |
| Personal name | Meacham, John A. |
| 942 ## - ADDED ENTRY ELEMENTS (KOHA) | |
| Koha item type | Books |
| Withdrawn status | Lost status | Damaged status | Not for loan | Home library | Current library | Date acquired | Source of acquisition | Bill Date | Full call number | Accession Number | Price effective from | Koha item type |
|---|---|---|---|---|---|---|---|---|---|---|---|---|
| NASSDOC Library | NASSDOC Library | 16/12/2008 | CLASS | 2008-09-10 | 155 RIE-D | 44824 | 18/04/2019 | Books |
